书目信息 |
| 题名: |
亲手创建四大服务
|
|
| 作者: | 王家俊 著 | |
| 分册: | ||
| 出版信息: | 北京 人民邮电出版社 1999.12 |
|
| 页数: | 233页 | |
| 开本: | 16开 | |
| 丛书名: | ||
| 单 册: | ||
| 中图分类: | TP393.4 | |
| 科图分类: | ||
| 主题词: | 计算机应用 | |
| 电子资源: | ||
| ISBN: | 7-115-08161-1 | |
| 000 | 00553nam0 2200193 45 | |
| 001 | 0009282140 | |
| 005 | 20000928211151.6 | |
| 010 | @a7-115-08161-1@d26.00元 | |
| 100 | @a20000928d1999 km y0chiy0120 ea | |
| 101 | 0 | @achi |
| 105 | @a z 000yy | |
| 200 | 1 | @a亲手创建四大服务@AQin Shou Chuang Jian Si Da Fu Wu@f王家俊著@FWang Jia Jun Zhu |
| 210 | @a北京@c人民邮电出版社@d1999.12 | |
| 215 | @a233页@d16开 | |
| 606 | 0 | @a计算机应用 |
| 690 | @aTP393.4@v3 | |
| 701 | 0 | @a王家俊@4著 |
| 801 | @aCN@bPftUser@c20000928 | |
| 905 | @b158771-772@dTP393.4@eW347@f2 | |
| 亲手创建四大服务/王家俊著.-北京:人民邮电出版社,1999.12 |
| 233页;16开 |
| ISBN 7-115-08161-1:26.00元 |
| ● |
| 相关链接 |
|
|
|
正题名:亲手创建四大服务
索取号:TP393.4/W347
 
预约/预借
| 序号 | 登录号 | 条形码 | 馆藏地/架位号 | 状态 | 备注 |
| 1 | 158771 | 201587719 | 期刊室512/301自科库 134排2列3层/ [索取号:TP393.4/W347] | 在馆 | |
| 2 | 158772 | 201587728 | 期刊室512/301自科库 134排2列3层/ [索取号:TP393.4/W347] | 在馆 |